The sport detective's Colorado clew : or, The high rollers of Silverton /

Bibliographic Details
Main Author: Whitson, John Harvey, 1854-1936
Format: Book
Language:English
Published: New York : Beadle & Adams, 1895.
Series:Beadle's New York dime library ; no. 873.
Beadle's dime novels ; DL-873.

MARC

Tag First Indicator Second Indicator Subfields
LEADER 00000cam a2200000 i 4500
001 in00001363639
005 20151006075011.0
008 800818r19801895miua a 000 1 eng d
035 |a (OCoLC)06629865 
035 |9 AHJ0275AM 
037 |a CL0054000003  |b University Microfilms International 
037 |b University Microfilms International, 300 N. Zeeb Rd., Ann Arbor, MI 48106 
040 |a UMI  |c UMI  |d UtOrBLW 
049 |a TXAI 
090 |a PS3249.W45  |b S63 
099 |a film  |a B  |a 3866 
100 1 |a Whitson, John Harvey,  |d 1854-1936. 
245 1 4 |a The sport detective's Colorado clew :  |b or, The high rollers of Silverton /  |c by Las printed]. 
264 1 |a New York :  |b Beadle & Adams,  |c 1895. 
300 |a 32 pages :  |b illustrations 
336 |a text  |b txt  |2 rdacontent 
337 |a microform  |b h  |2 rdamedia 
338 |a microfilm reel  |b hd  |2 rdacarrier 
490 1 |a Beadle's New York dime library ;  |v no. 873 
500 |a Microfilm. Ann Arbor, Mich. : University Microfilms International, 1980. -- 1 reel ; 35 mm. -- (Dime novels ; Unit 3 ; 873-DL : reel 41:25). 
500 |a Microform. 
830 0 |a Beadle's New York dime library ;  |v no. 873. 
830 0 |a Beadle's dime novels ;  |v DL-873. 
999 |a MARS 
999 f f |s e65a9668-edef-36c8-8985-f7391626db0b  |i aee96260-0320-3d0d-891f-9325cf99a27c  |t 0 
952 f f |p default  |a Texas A&M University  |b College Station  |c Sterling C. Evans Library  |d Evans: Microforms (3rd floor)  |t 0  |e film B 3866 reel 41:25  |h Other scheme  |i microform -- microfilm reel 
998 f f |a film B 3866 reel 41:25  |t 0  |l Evans: Microforms (3rd floor)